000 00332nam a2200145Ia 4500
003 LK-CoDNM
005 20240726145915.0
008 010623t xxu||||| |||| 00| 1 eng d
040 _aLK-CoDNM
_dLK-CoDNM
_eLK-CoDNM
041 _aeng
080 _a14
_bFF4
245 _aEast Indian Sculpture
300 _bill ; 25 cm
942 _cBK
999 _c134257
_d134257